La moda (Record no. 34042)

MARC details
000 -LEADER
campo de control de longitud fija 00592nam a2200181 i 4500
001 - NÚMERO DE CONTROL
campo de control 34042
003 - IDENTIFICADOR DE NÚMERO DE CONTROL
campo de control ES-MaACL
005 - FECHA Y HORA DE LA ÚLTIMA TRANSACCIÓN
campo de control 20230906154851.0
007 - CAMPO FIJO DE DESCRIPCIÓN FÍSICA--INFORMACIÓN GENERAL
campo de control de longitud fija t|
008 - DATOS DE LONGITUD FIJA--INFORMACIÓN GENERAL
campo de control de longitud fija 030204s1909 it a |||| | ita d
100 1# - ENTRADA PRINCIPAL--NOMBRE DE PERSONA
Nombre de persona Boehn, Max von.
9 (RLIN) 29740
245 13 - MENCIÓN DEL TÍTULO
Título La moda
Resto del título : nomini e costumi del secolo XIX da dipinti e incisioni del tempo /
Mención de responsabilidad, etc. Max von Boehn ; scelti dal Dr. Oscar Fischel.
260 ## - PUBLICACIÓN, DISTRIBUCIÓN, ETC.
Lugar de publicación, distribución, etc. Bergano :
Nombre del editor, distribuidor, etc. Istituto Italiano d'Arti Grapche,
Fecha de publicación, distribución, etc. 1909.
300 ## - DESCRIPCIÓN FÍSICA
Extensión 3 v. ;
Dimensiones 20 cm.
650 04 - PUNTO DE ACCESO ADICIONAL DE MATERIA--TÉRMINO DE MATERIA
Término de materia o nombre geográfico como elemento de entrada Traje-
Subdivisión general Historia.
9 (RLIN) 136943
700 1# - ENTRADA AGREGADA--NOMBRE PERSONAL
Nombre de persona Fischel, Oscar.
9 (RLIN) 50975
852 ## - LOCALIZACIÓN
Ubicación ES-MaACL
Número de control de estantería F-2155-57
Holdings
Estatus retirado Estado de pérdida Estado de daño No para préstamo Biblioteca de origen Biblioteca actual Ubicación en estantería Fecha de adquisición Fuente de adquisición Total de préstamos Signatura topográfica completa Código de barras Visto por última vez Precio de reemplazo Tipo de ítem Koha
        Biblioteca del Ateneo de Madrid Biblioteca del Ateneo de Madrid Depósito 2 17/01/2008     F-2155-57 1035487 23/02/2023 23/02/2023 Libro impreso